000 00434nam a2200169Ia 4500
003 GCL
008 140319s9999 xx 000 0 eng d
040 _aGCL /
_cGCL
082 0 4 _a709.164
_bS A
100 1 _aSIJELMASSI, MOHAMED
245 1 0 _aLES ARTS TRADITIONNELS AU MAROC /
_cSIJELMASSI, MOHAMED
260 _a[S.N] :
_bACR EDITION ،
_c1986
300 _a264 PP
650 0 4 _aARTS
650 0 4 _aART, ISLAMIC
942 _2ddc
_cBK
999 _c18905
_d18905